000 00936nam a2200265 4500
003 OSt
005 20260530113855.0
008 260506b19721977sp ||||| |||| 00| 0 spa d
020 _a8425207002
040 _aICI
_bSPA
_cICI
041 _aSPA
050 _aND688.5C64
_bN33
100 1 _aNakov, Andrei B,
_e autor
_931624
245 1 0 _aEl ultimo cuadro /
_cpor andrei b. nakov!. del caballete a la maquina. por una teoria de la pintura / |c Nikolai tarabukin ; ed. de andrei b. nakov ; version castellana de Rosa Feliu y Patricia Vélez
264 1 _aBarcelona :
_bGustavo Gili,
_c1977
300 _a168 páginas
336 _atexto
_2rdacontent
337 _asin medio
_2rdamedia
338 _avolumen
_2rdacarrier
490 _aColección punto y línea
650 4 _a Constructivismo (Arte)
_z Rusia
_931625
650 4 _aPintura moderna |y Siglo XX
_zRusia
_931626
700 _aTarabukin, Nikolai.
_931627
942 _2lcc
_cBK
_n1
999 _c11585
_d11585